000 01027nam a2200229Ia 4500
003 Ost
005 20260507075554.0
008 260507s9999||||xx |||||||||||||| ||und||
020 _a9773275515
040 _cfsecg
041 _aara
082 _a600
100 _aحجازي، محمد حافظ
_eمؤلف
245 0 _aدعم القرارات في المنظمات /
_c محمد حافظ حجازي
260 _aالاسكندرية:
_bدار الوفاء لدنيا الطباعة و النشر,
_c2006
300 _a256 صفحة؛
_bإيضاحات ؛
_c24 سم
504 _aمراجع ص.253
520 _aوظائف المنظمة و الادارة اضافة الى القرارات الادارية و كذا ادارة البيانات - المكتب البيروقراطي و النظام و المعلومات, نظم المعلومات و في الاخير تطرأ الى نظم دعم القرارات.
653 _aالقرارات الادارية
653 _aالمنظمات
942 _cكتاب
999 _c44946
_d44946